[Event "2nd Indonesia Open Chess Ch. 2012"]
[Site "Grand SahidJaya Hotel, Jakarta"]
[Date "2012.10.12"]
[Round "2.35"]
[White "Prayitno, Sugeng"]
[Black "Margana, Adhy"]
[Result "1/2-1/2"]
[WhiteElo "2351"]
[BlackElo "2221"]
[PlyCount "174"]
[EventDate "2012.10.11"]

1. Nf3 Nf6 2. g3 e6 3. Bg2 d5 4. O-O Be7 5. d4 O-O 6. c4 c5 7. cxd5 exd5 8. Nc3
Nc6 9. Bg5 Be6 10. e3 h6 11. Bxf6 Bxf6 12. Rc1 cxd4 13. exd4 Qa5 14. a3 Rfd8
15. h3 Rac8 16. Qd3 a6 17. Ne2 Qa4 18. Rc3 Ne7 19. Rfc1 Rxc3 20. Rxc3 Bf5 21.
Qd2 Nc6 22. Re3 Qc2 23. Qc3 Qd1+ 24. Kh2 Be4 25. Nd2 Bxg2 26. Kxg2 Bg5 27. f4
Bf6 28. Nf3 Rc8 29. Qb3 Qxb3 30. Rxb3 Na5 31. Rc3 Rxc3 32. Nxc3 Nb3 33. Nxd5
Bxd4 34. Nxd4 Nxd4 35. Kf2 Kf8 36. g4 f5 37. Ke3 fxg4 38. hxg4 Nc6 39. Ke4 Kf7
40. Ne3 g6 41. f5 Ne7 42. Nc4 gxf5+ 43. gxf5 Kf6 44. Nd6 h5 45. Ne8+ Kf7 46.
Nd6+ Kf6 47. Ne8+ Kg5 48. f6 Ng6 49. f7 h4 50. Nd6 Kg4 51. Nc4 Kg3 52. Ne3 h3
53. Kf5 Nf8 54. Nf1+ Kg2 55. Ne3+ Kf3 56. Ng4 Kg3 57. a4 a5 58. Ne3 Kf3 59. Ng4
Ke2 60. Kf6 Kf3 61. Kg5 Kg3 62. Kf5 Nh7 63. Ne3 Kf3 64. Ng4 Nf8 65. Kg5 Kg3 66.
Kf5 Kf3 67. Kg5 Kg3 68. Ne3 Kf2 69. Kf4 Ne6+ 70. Ke5 Nf8 71. Ke4 Ke2 72. Ng4
Kd2 73. Kd4 Kc2 74. Kc5 Kb3 75. Kb5 b6 76. Nh2 Nd7 77. Nf1 Kxb2 78. Kc6 Ne5+
79. Kxb6 Nxf7 80. Kxa5 Kc3 81. Kb5 Kd3 82. a5 Nd6+ 83. Kc6 Kc4 84. a6 Nb5 85.
Kb6 Kb4 86. Nh2 Ka4 87. Nf3 Kb4 1/2-1/2

[Event "2nd Indonesia Open Chess Ch. 2012"]
[Site "Grand SahidJaya Hotel, Jakarta"]
[Date "2012.10.12"]
[Round "2.36"]
[White "Hartono"]
[Black "Pascua, Haridas"]
[Result "0-1"]
[WhiteElo "2230"]
[BlackElo "2350"]
[PlyCount "76"]
[EventDate "2012.10.11"]

1. e4 c5 2. Nc3 Nc6 3. g3 g6 4. d3 Bg7 5. Be3 d6 6. Qd2 Rb8 7. Bg2 b5 8. h3 Bd7
9. Nge2 Nd4 10. Nd1 b4 11. c3 bxc3 12. bxc3 Nxe2 13. Qxe2 Ba4 14. Bd2 e6 15.
O-O Ne7 16. Ne3 O-O 17. f4 Re8 18. g4 f5 19. Rfc1 Kh8 20. Be1 d5 21. e5 fxg4
22. hxg4 g5 23. fxg5 Nc6 24. Bg3 Qxg5 25. Re1 Bxe5 26. Bxe5+ Nxe5 27. Rab1 Ng6
28. Qf2 Rxb1 29. Rxb1 Bc6 30. Qg3 Nf4 31. Bf1 d4 32. cxd4 cxd4 33. Nc4 h5 34.
Nd2 Rf8 35. Kh2 hxg4 36. Kg1 Qh5 37. Qh2 Nh3+ 38. Bxh3 gxh3 0-1

[Event "2nd Indonesia Open Chess Ch. 2012"]
[Site "Grand SahidJaya Hotel, Jakarta"]
[Date "2012.10.12"]
[Round "2.38"]
[White "Hamdani, Rudin"]
[Black "Muhammad, Luthfi Ali"]
[Result "1-0"]
[WhiteElo "2328"]
[BlackElo "2218"]
[PlyCount "69"]
[EventDate "2012.10.11"]

1. Nf3 Nf6 2. d4 g6 3. c4 Bg7 4. Nc3 O-O 5. e4 d6 6. Be2 Na6 7. O-O e5 8. Be3
Ng4 9. Bg5 Qe8 10. h3 h6 11. Bh4 Nf6 12. Re1 exd4 13. Nxd4 g5 14. Bg3 Nxe4 15.
Nxe4 Qxe4 16. Nb5 Bf5 17. Rc1 Rae8 18. Qd2 Qc6 19. b4 Be4 20. f3 Bg6 21. a3 Be5
22. f4 gxf4 23. Bf3 d5 24. Bxf4 Bxf4 25. Qxf4 Qb6+ 26. Kh1 dxc4 27. Qxc4 Rxe1+
28. Rxe1 Rd8 29. Qh4 Rd3 30. Re8+ Kh7 31. a4 Rb3 32. Qf4 Rxb4 33. Qe5 Rb1+ 34.
Kh2 Qg1+ 35. Kg3 1-0

[Event "2nd Indonesia Open Chess Ch. 2012"]
[Site "Grand SahidJaya Hotel, Jakarta"]
[Date "2012.10.12"]
[Round "2.40"]
[White "Purba, Cornelis"]
[Black "Medina, Warda Aulia"]
[Result "0-1"]
[WhiteElo "2203"]
[BlackElo "2311"]
[PlyCount "119"]
[EventDate "2012.10.11"]

1. e4 e6 2. Nf3 d5 3. Nc3 d4 4. Ne2 c5 5. c3 Nc6 6. cxd4 cxd4 7. Qa4 Bc5 8. b4
Bb6 9. b5 Nce7 10. Nexd4 Ng6 11. Ba3 Nf6 12. Nb3 Qc7 13. g3 Qc2 14. e5 Qf5 15.
Be2 Nxe5 16. Nxe5 Qxe5 17. d4 Qe4 18. f3 Qf5 19. Rc1 Nd5 20. Qc4 h5 21. Kf2 h4
22. Qd3 Qg5 23. f4 Qf6 24. Bf3 Ne7 25. Qe4 O-O 26. g4 Re8 27. Bd6 Nd5 28. Qe5
Qd8 29. Rhe1 Bd7 30. a4 a6 31. Qh5 axb5 32. Be5 bxa4 33. Be4 Nf6 34. Bxf6 Qxf6
35. Nc5 g6 36. Qe5 Qxe5 37. fxe5 Bxc5 38. Rxc5 a3 39. Bxb7 Ra4 40. Ke3 a2 41.
Ra1 Rb8 42. Rc7 Ra3+ 43. Kf4 Ba4 44. d5 exd5 45. Bxd5 Bb3 46. Bxb3 Rbxb3 47.
Rc2 Rf3+ 48. Ke4 g5 49. Raxa2 Rf4+ 50. Kd5 Rd3+ 51. Kc5 Rxg4 52. Rf2 Re3 53.
Kd5 Rd3+ 54. Kc5 Rdd4 55. Ra8+ Kg7 56. Ra7 Rc4+ 57. Kb5 Rcf4 58. Rxf4 Rxf4 59.
e6 Kf8 60. exf7 0-1

[Event "2nd Indonesia Open Chess Ch. 2012"]
[Site "Grand SahidJaya Hotel, Jakarta"]
[Date "2012.10.12"]
[Round "2.41"]
[White "Kasmiran"]
[Black "Fahmi, Jauhari"]
[Result "0-1"]
[WhiteElo "2310"]
[BlackElo "2184"]
[PlyCount "74"]
[EventDate "2012.10.11"]

1. e4 g6 2. d4 Bg7 3. Nc3 d6 4. Be3 Nf6 5. f3 Nc6 6. Qd2 O-O 7. Nge2 a6 8. Bh6
Na5 9. Ng3 b5 10. h4 c5 11. d5 e6 12. dxe6 Bxe6 13. h5 Qc7 14. Bxg7 Kxg7 15.
Qf4 Qe7 16. O-O-O b4 17. hxg6 fxg6 18. Na4 Rad8 19. Qh6+ Kg8 20. Qg5 Qe8 21.
Nb6 Qc6 22. Nd5 Bxd5 23. exd5 Qd7 24. Bd3 Qg7 25. Rh4 Rc8 26. Rh6 Rf7 27. Rdh1
c4 28. Be4 b3 29. axb3 cxb3 30. Qf4 bxc2 31. Bxc2 Ra8 32. Qxd6 Nh5 33. Qe6 Kh8
34. Nxh5 Qxh6+ 35. Kb1 Nc4 36. d6 Nd2+ 37. Ka2 Qg5 0-1

[Event "2nd Indonesia Open Chess Ch. 2012"]
[Site "Grand SahidJaya Hotel, Jakarta"]
[Date "2012.10.12"]
[Round "2.42"]
[White "Jamaludin"]
[Black "Khairul, Anam"]
[Result "1/2-1/2"]
[WhiteElo "2174"]
[BlackElo "2308"]
[PlyCount "58"]
[EventDate "2012.10.11"]

1. e4 g6 2. d4 Bg7 3. f4 c5 4. c3 cxd4 5. cxd4 d5 6. e5 Nc6 7. Nf3 Bg4 8. Bb5
Nh6 9. Be3 Nf5 10. Bf2 Qb6 11. Nc3 O-O 12. Bxc6 bxc6 13. O-O Qxb2 14. Qd3 Rfb8
15. Nxd5 Bxf3 16. gxf3 Qb7 17. Ne3 Nxe3 18. Bxe3 Qd7 19. Rab1 Rb6 20. Rbc1 Rab8
21. d5 Rb5 22. Rxc6 Rxd5 23. Qc2 Rd3 24. Rc3 Rxc3 25. Qxc3 Bh6 26. Qc4 Rc8 27.
Qe4 e6 28. Rf2 a6 29. Rc2 Rd8 1/2-1/2

[Event "2nd Indonesia Open Chess Ch. 2012"]
[Site "Grand SahidJaya Hotel, Jakarta"]
[Date "2012.10.12"]
[Round "2.43"]
[White "Laksana, Agusta"]
[Black "Ali, Sadikin"]
[Result "1-0"]
[WhiteElo "2305"]
[BlackElo "2167"]
[PlyCount "63"]
[EventDate "2012.10.11"]

1. c4 Nf6 2. Nc3 d5 3. cxd5 Nxd5 4. Nf3 g6 5. g3 Bg7 6. Bg2 c6 7. O-O O-O 8.
Qb3 Na6 9. d4 Nb6 10. Bf4 Be6 11. Qc2 Nb4 12. Qc1 Bc4 13. Bh6 N4d5 14. Re1 Nxc3
15. bxc3 a5 16. e4 Nd7 17. Bxg7 Kxg7 18. Nd2 Ba6 19. e5 Qc7 20. Qa3 Rae8 21. f4
e6 22. Ne4 c5 23. Nd6 Rb8 24. Qc1 h5 25. Qe3 Rh8 26. Rad1 b5 27. d5 c4 28. dxe6
fxe6 29. f5 Nf8 30. Qg5 Qd8 31. f6+ Kg8 32. Be4 1-0

[Event "2nd Indonesia Open Chess Ch. 2012"]
[Site "Grand SahidJaya Hotel, Jakarta"]
[Date "2012.10.12"]
[Round "2.44"]
[White "Suryanto"]
[Black "Surya, Wahyudi"]
[Result "0-1"]
[WhiteElo "2149"]
[BlackElo "2293"]
[PlyCount "64"]
[EventDate "2012.10.11"]

1. e4 c5 2. Nf3 d6 3. d4 cxd4 4. Nxd4 Nf6 5. Nc3 a6 6. Bd3 e5 7. Nde2 b5 8. Bg5
Be6 9. Qd2 Nbd7 10. O-O Be7 11. f4 Nb6 12. b3 O-O 13. f5 Bc8 14. Ng3 Bb7 15.
Bxf6 Bxf6 16. Qe2 Rc8 17. Nd1 d5 18. Nf2 Bh4 19. Rad1 Qe7 20. f6 Bxf6 21. Ng4
Bg5 22. Nf5 Qc5+ 23. Kh1 g6 24. Ng3 Qe7 25. Qf2 d4 26. h4 Bxh4 27. Nh6+ Kh8 28.
Ngf5 gxf5 29. Nxf5 Bxf2 30. Nxe7 Rc7 31. Nf5 Be3 32. Rf3 Bg5 0-1

[Event "2nd Indonesia Open Chess Ch. 2012"]
[Site "Grand SahidJaya Hotel, Jakarta"]
[Date "2012.10.12"]
[Round "2.45"]
[White "Mahmud, Syarif"]
[Black "Eshbaev, Avazbek"]
[Result "0-1"]
[WhiteElo "2291"]
[BlackElo "2156"]
[PlyCount "48"]
[EventDate "2012.10.11"]

1. d4 d5 2. Nf3 Nf6 3. c4 c6 4. Nc3 dxc4 5. a4 Bf5 6. Ne5 e6 7. f3 Bb4 8. e4
Bxe4 9. fxe4 Nxe4 10. Bd2 Qxd4 11. Nxe4 Qxe4+ 12. Qe2 Bxd2+ 13. Kxd2 Qd5+ 14.
Kc2 O-O 15. Nxc4 Na6 16. Qe5 Rac8 17. Be2 f6 18. Qe3 Qf5+ 19. Kb3 b5 20. axb5
Nc5+ 21. Kb4 cxb5 22. Nd6 a5+ 23. Rxa5 Qc2 24. b3 Nd3+ 0-1

[Event "2nd Indonesia Open Chess Ch. 2012"]
[Site "Grand SahidJaya Hotel, Jakarta"]
[Date "2012.10.12"]
[Round "2.46"]
[White "Masruri, Rahman"]
[Black "Situru, Muhammad Ivan"]
[Result "0-1"]
[WhiteElo "2136"]
[BlackElo "2284"]
[PlyCount "89"]
[EventDate "2012.10.11"]

1. d4 d5 2. Bf4 c5 3. e3 Nc6 4. c3 Qb6 5. b3 Nf6 6. Bd3 Bg4 7. f3 Bd7 8. Ne2
Nh5 9. O-O cxd4 10. exd4 Nxd4 11. Be3 Nxe2+ 12. Qxe2 Qc7 13. f4 Nf6 14. Bd4 e6
15. b4 Be7 16. Nd2 a5 17. a3 O-O 18. g4 Ne8 19. g5 f5 20. Nb3 b6 21. Qe3 axb4
22. cxb4 Rb8 23. Rfc1 Qd8 24. Be5 Nd6 25. Qd4 Rf7 26. h4 Ne4 27. h5 Ba4 28. Qb2
Bxg5 29. Nd4 Bf6 30. Nxe6 Qe7 31. Bxf6 gxf6 32. Nd4 Rg7+ 33. Kh2 Qd6 34. Rf1
Bd7 35. Bxe4 fxe4 36. Qf2 Kh8 37. Rg1 Bg4 38. Rac1 Qe7 39. Qh4 Rbg8 40. Rg3 e3
41. Rcg1 e2 42. Re1 f5 43. Qxe7 Rxe7 44. Nc6 Re4 45. Ne5 0-1

[Event "2nd Indonesia Open Chess Ch. 2012"]
[Site "Grand SahidJaya Hotel, Jakarta"]
[Date "2012.10.12"]
[Round "2.49"]
[White "Sinurat, Tumpak"]
[Black "Ferdiman, Tersiman"]
[Result "1/2-1/2"]
[WhiteElo "2258"]
[BlackElo "2005"]
[PlyCount "66"]
[EventDate "2012.10.11"]

1. e4 e5 2. Nf3 Nc6 3. d4 exd4 4. Nxd4 d6 5. c4 Nf6 6. Nc3 Bd7 7. Be2 Be7 8.
Be3 O-O 9. f4 Re8 10. O-O Nxd4 11. Bxd4 Bc6 12. Bf3 Bf8 13. Qd3 a6 14. a4 h6
15. Rad1 Rb8 16. a5 Bd7 17. h3 c5 18. Bxc5 dxc5 19. e5 Be6 20. Qe2 Qe7 21. exf6
Qxf6 22. Be4 g6 23. Qd3 Bg7 24. Kh1 Qd4 25. Qf3 Qxc4 26. f5 Bxf5 27. Bxf5 gxf5
28. Nd5 Re6 29. b3 Qe4 30. Qxf5 Qxf5 31. Rxf5 Bd4 32. b4 Kg7 33. bxc5 Re5
1/2-1/2

[Event "2nd Indonesia Open Chess Ch. 2012"]
[Site "Grand SahidJaya Hotel, Jakarta"]
[Date "2012.10.12"]
[Round "2.51"]
[White "Supriyono, Eko"]
[Black "Aay, Aisyah Anisa"]
[Result "1-0"]
[WhiteElo "2253"]
[BlackElo "1839"]
[PlyCount "83"]
[EventDate "2012.10.11"]

1. d4 d5 2. Nf3 Nf6 3. Bf4 e6 4. e3 Be7 5. Nbd2 b6 6. c3 Bb7 7. Bd3 Nbd7 8. O-O
O-O 9. a4 c5 10. a5 Nh5 11. a6 Bc6 12. Ne5 Nxe5 13. Bxh7+ Kxh7 14. Qxh5+ Kg8
15. Bxe5 f6 16. Bg3 Bd6 17. Bxd6 Qxd6 18. f4 Bb5 19. Rf2 Bd3 20. Nf3 Qe7 21. g4
Qe8 22. Qh4 Qg6 23. Qg3 Rae8 24. h4 Bb5 25. g5 Kf7 26. h5 Qxh5 27. g6+ Ke7 28.
dxc5 bxc5 29. f5 Rc8 30. fxe6 Kxe6 31. b4 Bd3 32. bxc5 Qxg6 33. Nd4+ Kf7 34.
Qxg6+ Kxg6 35. Ne6 Bb5 36. Rb1 Bxa6 37. Ra1 Bc4 38. Rxa7 Rg8 39. Rg2+ Kf5 40.
Re7 g5 41. c6 Rge8 42. Ng7+ 1-0

[Event "2nd Indonesia Open Chess Ch. 2012"]
[Site "Grand SahidJaya Hotel, Jakarta"]
[Date "2012.10.12"]
[Round "3.1"]
[White "Dao, Thien Hai"]
[Black "Yu, Yangyi"]
[Result "1/2-1/2"]
[WhiteElo "2523"]
[BlackElo "2651"]
[PlyCount "123"]
[EventDate "2012.10.11"]

1. d4 Nf6 2. c4 e6 3. Nc3 Bb4 4. Qc2 c5 5. dxc5 Bxc5 6. Nf3 Qc7 7. g3 a6 8. Bf4
d6 9. Bg2 h6 10. O-O O-O 11. Rad1 Nc6 12. a3 e5 13. Bc1 Bg4 14. b4 Bb6 15. Qd3
Rad8 16. h3 Be6 17. Nd2 Ne7 18. e4 Rc8 19. Na4 Bd4 20. Bb2 Bd7 21. Bxd4 Bxa4
22. Be3 Bxd1 23. Rxd1 Qc6 24. Bf1 Rfd8 25. Ra1 b5 26. cxb5 axb5 27. Qxb5 Qc3
28. Ra2 d5 29. Bb6 Rd7 30. Bc5 Rcd8 31. exd5 Nexd5 32. Qc4 Ra8 33. a4 e4 34.
Nxe4 Qxc4 35. Nxf6+ gxf6 36. Bxc4 Nc3 37. Ra3 Nxa4 38. Bb5 Rd1+ 39. Kg2 Nb6 40.
Rf3 Rb8 41. Rxf6 Nd5 42. Be2 Nxf6 43. Bxd1 Nd5 44. Bf3 Nxb4 45. Bd6 Rb6 46. Bc5
Rb5 47. Be3 Nc2 48. Bd2 Rb6 49. Be4 Na3 50. g4 Nc4 51. Bf4 Kg7 52. h4 Nd6 53.
Bf3 Nc8 54. g5 hxg5 55. hxg5 Ne7 56. Be5+ Kg6 57. Bf6 Re6 58. Bd1 Nd5 59. Bc2+
Kh5 60. Bd1+ Kg6 61. Bc2+ Kh5 62. Bd1+ 1/2-1/2

[Event "2nd Indonesia Open Chess Ch. 2012"]
[Site "Grand SahidJaya Hotel, Jakarta"]
[Date "2012.10.12"]
[Round "3.2"]
[White "Ganguly, Surya Shekhar"]
[Black "Dzhumaev, Marat"]
[Result "1-0"]
[WhiteElo "2610"]
[BlackElo "2516"]
[PlyCount "85"]
[EventDate "2012.10.11"]

1. d4 Nf6 2. c4 g6 3. Nc3 Bg7 4. e4 d6 5. f3 O-O 6. Nge2 c5 7. Be3 Nc6 8. d5
Ne5 9. Ng3 e6 10. Be2 exd5 11. cxd5 a6 12. a4 Bd7 13. O-O b5 14. h3 Nc4 15.
Bxc4 bxc4 16. Qe2 Rb8 17. Qxc4 Rxb2 18. Rab1 Rxb1 19. Rxb1 Qa5 20. Bd2 Nh5 21.
Nge2 f5 22. exf5 gxf5 23. Qh4 Be8 24. Qe7 Nf6 25. Rb8 c4 26. Nf4 Rf7 27. Rxe8+
Nxe8 28. Qxe8+ Rf8 29. Qe6+ Rf7 30. Qxd6 Bxc3 31. Ne6 h6 32. Qb8+ Kh7 33. Qe8
Rg7 34. Nf8+ Kh8 35. Bxh6 Qb6+ 36. Be3 Qb1+ 37. Kh2 f4 38. Ng6+ Kh7 39. Nf8+
Kh8 40. Ng6+ Kh7 41. Nxf4 Qf5 42. Ne6 Rg8 43. Qe7+ 1-0

[Event "2nd Indonesia Open Chess Ch. 2012"]
[Site "Grand SahidJaya Hotel, Jakarta"]
[Date "2012.10.12"]
[Round "3.3"]
[White "Bocharov, Dmitry"]
[Black "Nguyen, Duc Hoa"]
[Result "1-0"]
[WhiteElo "2603"]
[BlackElo "2494"]
[PlyCount "171"]
[EventDate "2012.10.11"]

1. d4 Nf6 2. c4 g6 3. Nc3 d5 4. e3 Bg7 5. Qb3 c6 6. Bd2 O-O 7. Rc1 Qb6 8. Qa3
Qd8 9. Nf3 Ne4 10. cxd5 cxd5 11. Nxe4 dxe4 12. Ne5 Nc6 13. Nxc6 bxc6 14. Ba5
Qd7 15. Be2 e5 16. dxe5 Bxe5 17. O-O Qb7 18. b3 Be6 19. Rfd1 Rfe8 20. h3 Bd5
21. Bc4 Re6 22. Bxd5 cxd5 23. Qc5 Rd6 24. Bc7 Re6 25. Qxd5 Qxd5 26. Rxd5 Rc8
27. Rd8+ Rxd8 28. Bxd8 Ra6 29. a4 Bb2 30. Rc2 Rd6 31. Rxb2 Rxd8 32. b4 Kg7 33.
b5 Rd1+ 34. Kh2 Ra1 35. Rb4 f5 36. g4 Kf6 37. h4 Ke5 38. b6 axb6 39. Rb5+ Ke6
40. gxf5+ gxf5 41. Rxb6+ Ke5 42. Rb5+ Kf6 43. a5 h5 44. Kg2 Ke6 45. Rb6+ Ke5
46. a6 Kd5 47. Kg3 Ra2 48. Kf4 Rxf2+ 49. Kg5 Kc4 50. Rd6 Re2 51. a7 Ra2 52.
Kxf5 Rxa7 53. Kxe4 Rg7 54. Rc6+ Kb5 55. Rf6 Kc4 56. Kf3 Rb7 57. Rf5 Rh7 58. e4
Rh6 59. Kf4 Rh8 60. Ra5 Rf8+ 61. Ke3 Rh8 62. Rd5 Rh7 63. Rd4+ Kc5 64. Kd3 Kc6
65. Rd5 Rh6 66. Kd4 Rh7 67. Rg5 Kd6 68. Rg6+ Ke7 69. Ra6 Rh8 70. Ke5 Rb8 71.
Kf5 Rb1 72. Ra7+ Kf8 73. Rh7 Rf1+ 74. Ke5 Ra1 75. Ke6 Ra4 76. Kf5 Ra5+ 77. e5
Ra1 78. Rxh5 Kf7 79. Rh7+ Kg8 80. Rb7 Ra4 81. h5 Rh4 82. e6 Kf8 83. Kg5 Rh1 84.
h6 Rg1+ 85. Kf4 Rf1+ 86. Kg3 1-0

[Event "2nd Indonesia Open Chess Ch. 2012"]
[Site "Grand SahidJaya Hotel, Jakarta"]
[Date "2012.10.12"]
[Round "3.4"]
[White "Gagunashvili, Merab"]
[Black "Dimakiling, Oliver"]
[Result "1-0"]
[WhiteElo "2584"]
[BlackElo "2470"]
[PlyCount "141"]
[EventDate "2012.10.11"]

1. d4 Nf6 2. c4 e6 3. Nc3 Bb4 4. Qc2 c5 5. dxc5 Na6 6. a3 Bxc5 7. Nf3 O-O 8.
Bg5 Be7 9. Rd1 h6 10. Bh4 Ne8 11. Bg3 f5 12. e3 d6 13. Be2 Bd7 14. O-O Rc8 15.
b4 g5 16. Qd2 Rf7 17. c5 Nxc5 18. bxc5 Rxc5 19. h3 Bf8 20. Rc1 Nf6 21. Bxd6
Rxc3 22. Qxc3 Bxd6 23. Ne5 Rf8 24. Nxd7 Qxd7 25. Rfd1 Qe7 26. a4 b6 27. Bc4 Kf7
28. Qd3 Bc5 29. Qxf5 Re8 30. Rd3 Qc7 31. Rcd1 Qc6 32. Bb5 exf5 33. Bxc6 Re7 34.
Bd7 f4 35. exf4 gxf4 36. Bc6 Kg6 37. Rf3 Re6 38. Bb7 Re7 39. Ba6 Kg5 40. h4+
Kxh4 41. Rxf4+ Kg5 42. g3 Re5 43. Kg2 Kg6 44. Rd2 Re7 45. Re2 Rc7 46. Re6 Be7
47. Bb5 Kg7 48. Rc6 Rb7 49. Ba6 Rd7 50. Bc8 Rd8 51. Be6 Rd6 52. Rfc4 a5 53.
Rxd6 Bxd6 54. Rc6 Bc5 55. Bf5 Kf7 56. Rc7+ Ke8 57. Rb7 Nd5 58. Rh7 Nc3 59. Bd7+
Kd8 60. Bc6 h5 61. f4 h4 62. Rxh4 Kc7 63. Rh6 Bf8 64. Rg6 Bd6 65. Be8 Nd5 66.
Kf3 Ne7 67. Rg7 Bb4 68. g4 Kd6 69. Bb5 Bc3 70. Rh7 Nd5 71. g5 1-0

[Event "2nd Indonesia Open Chess Ch. 2012"]
[Site "Grand SahidJaya Hotel, Jakarta"]
[Date "2012.10.12"]
[Round "3.5"]
[White "Grigoryan, Avetik"]
[Black "Bitoon, Richard"]
[Result "1-0"]
[WhiteElo "2572"]
[BlackElo "2430"]
[PlyCount "108"]
[EventDate "2012.10.11"]

1. Nf3 Nf6 2. d4 e6 3. g3 b6 4. Bg2 Bb7 5. c4 Bb4+ 6. Bd2 Be7 7. Nc3 O-O 8. Qc2
c5 9. d5 exd5 10. Ng5 g6 11. cxd5 Na6 12. a3 Nc7 13. Qd3 d6 14. h4 Ng4 15. f4
f5 16. Bf3 Qe8 17. Bxg4 fxg4 18. O-O-O c4 19. Qxc4 Rc8 20. Qb3 h6 21. Ne6 Nxe6
22. dxe6 Bxh1 23. Rxh1 Qc6 24. Rd1 Qc4 25. Qxc4 Rxc4 26. h5 gxh5 27. e4 Rf6 28.
Kc2 Rxe6 29. Kd3 Rc8 30. Nd5 Kf7 31. Rh1 h4 32. gxh4 h5 33. Bc3 Rg8 34. f5 Rh6
35. Bd2 Rh7 36. Rc1 Bd8 37. Bg5 Rxg5 38. hxg5 Bxg5 39. Rc7+ Kg8 40. Rc8+ Kg7
41. Rc7+ Kh6 42. Rc6 h4 43. Rxd6+ Kh5 44. Ke2 h3 45. Kf2 Bh4+ 46. Kg1 g3 47.
Rg6 Bg5 48. Rg8 Rd7 49. f6 Kh4 50. a4 g2 51. Kh2 a5 52. b3 Rxd5 53. exd5 Bxf6
54. Re8 Bg5 (54... Kg5 55. Kxh3 g1=Q 56. Rg8+ Kf5 57. Rxg1 Be5 (57... Ke5 58.
Rg6)) 1-0

[Event "2nd Indonesia Open Chess Ch. 2012"]
[Site "Grand SahidJaya Hotel, Jakarta"]
[Date "2012.10.12"]
[Round "3.6"]
[White "Lu, Shanglei"]
[Black "Tania, Sachdev"]
[Result "1-0"]
[WhiteElo "2526"]
[BlackElo "2401"]
[PlyCount "61"]
[EventDate "2012.10.11"]

1. e4 e5 2. Nc3 Nf6 3. g3 d5 4. exd5 Nxd5 5. Bg2 Nxc3 6. bxc3 Nc6 7. Nf3 Bc5 8.
O-O O-O 9. Re1 Qf6 10. d3 h6 11. Be3 Bb6 12. Nd2 Bf5 13. Rb1 Rad8 14. c4 Bc8
15. Nb3 Bxe3 16. Rxe3 Nd4 17. Qd2 Qa6 18. Qc1 Qxa2 19. Nxd4 exd4 20. Re7 Qa5
21. Bxb7 Rfe8 22. Rxe8+ Rxe8 23. Bc6 Re7 24. Qf4 Bh3 25. Be4 Re8 26. g4 Qg5 27.
Qxg5 hxg5 28. f3 f5 29. Bxf5 Re2 30. Bg6 Rg2+ 31. Kh1 1-0

[Event "2nd Indonesia Open Chess Ch. 2012"]
[Site "Grand SahidJaya Hotel, Jakarta"]
[Date "2012.10.12"]
[Round "3.8"]
[White "Xu, Jun"]
[Black "Li, Chao B"]
[Result "0-1"]
[WhiteElo "2506"]
[BlackElo "2681"]
[PlyCount "76"]
[EventDate "2012.10.11"]

1. Nf3 g6 2. e4 c5 3. c3 d5 4. exd5 Qxd5 5. d4 Bg7 6. Be2 Nf6 7. O-O O-O 8. c4
Qd8 9. d5 Ne4 10. Re1 Bg4 11. Nbd2 Nd6 12. h3 Bf5 13. Nf1 e5 14. Ng3 e4 15. Nh2
Nd7 16. Bf4 Ne5 17. Ng4 Bxg4 18. hxg4 h5 19. Qc2 hxg4 20. Nxe4 Nxe4 21. Qxe4
Re8 22. Qc2 f5 23. Bf1 Qd6 24. Qd2 Kf7 25. Bg3 Rh8 26. Qe3 Rae8 27. Qb3 g5 28.
Bxe5 Bxe5 29. g3 f4 30. Qxb7+ Re7 31. Qc6 Qxc6 32. dxc6 Kf6 33. Bd3 Rh3 34. Be4
f3 35. Bd3 Re8 36. Rxe5 Rxe5 37. Rd1 Re8 38. Bf1 Rh5 0-1

[Event "2nd Indonesia Open Chess Ch. 2012"]
[Site "Grand SahidJaya Hotel, Jakarta"]
[Date "2012.10.12"]
[Round "3.9"]
[White "Tkachiev, Vladislav"]
[Black "Gao, Rui"]
[Result "0-1"]
[WhiteElo "2662"]
[BlackElo "2443"]
[PlyCount "140"]
[EventDate "2012.10.11"]

1. d4 Nf6 2. Nf3 g6 3. c4 Bg7 4. g3 d5 5. cxd5 Nxd5 6. Bg2 Nb6 7. Nc3 Nc6 8. e3
O-O 9. O-O Re8 10. a3 e5 11. d5 Ne7 12. e4 Bg4 13. h3 Bxf3 14. Qxf3 c6 15. Rd1
cxd5 16. exd5 Nf5 17. d6 Nd4 18. Qxb7 Qxd6 19. Be3 Rab8 20. Qa6 Nc8 21. Qxd6
Nxd6 22. b4 Nc4 23. Ra2 Rbc8 24. Bxd4 exd4 25. Nd5 Nd6 26. a4 f5 27. Bf1 Ne4
28. Bb5 Re5 29. Rxd4 Nc3 30. Nxc3 Re1+ 31. Kg2 Bxd4 32. Ne2 Be5 33. Rd2 Rc7 34.
Rd5 Re7 35. a5 Rb1 36. Nd4 Bxd4 37. Rxd4 Kg7 38. Bc6 Rb2 39. b5 Ree2 40. Rf4
Kf6 41. h4 Ke5 42. a6 h6 43. Rf3 Red2 44. Rc3 Kf6 45. Rf3 g5 46. hxg5+ hxg5 47.
g4 f4 48. Kf1 Rd1+ 49. Kg2 Rdd2 50. Kf1 Ke5 51. Kg1 Kd4 52. Kg2 Rdc2 53. Bd7
Kc5 54. Bc6 Kb6 55. Bd7 Rd2 56. Bc6 Ra2 57. Be8 Rac2 58. Bc6 Rb2 59. Be8 Rdc2
60. Bd7 Kc5 61. Bc6 Kd4 62. Bd7 Rc3 63. Rxc3 Kxc3 64. Kf3 Kd4 65. Bc6 Rb3+ 66.
Ke2 Kc5 67. Kd2 Rxb5 68. Bxb5 Kxb5 69. Kd3 Kxa6 70. Ke4 Kb5 0-1

[Event "2nd Indonesia Open Chess Ch. 2012"]
[Site "Grand SahidJaya Hotel, Jakarta"]
[Date "2012.10.12"]
[Round "3.10"]
[White "Fedorchuk, Sergey A"]
[Black "Wan, Yunguo"]
[Result "1-0"]
[WhiteElo "2647"]
[BlackElo "2477"]
[PlyCount "89"]
[EventDate "2012.10.11"]

1. e4 c5 2. Nf3 Nc6 3. Bb5 g6 4. Bxc6 dxc6 5. d3 Bg7 6. h3 Nf6 7. Nc3 Nd7 8.
Be3 e5 9. Qd2 h6 10. O-O Qe7 11. a3 Nf8 12. b4 Ne6 13. Rab1 b6 14. bxc5 Nxc5
15. a4 Ne6 16. a5 b5 17. Ne2 Bd7 18. Rfe1 c5 19. Nc3 Rb8 20. Nd5 Qd6 21. c3 f5
22. d4 fxe4 23. dxe5 Qf8 24. Nh2 h5 25. Rbd1 Qf7 26. Nf6+ Bxf6 27. exf6 Rd8 28.
Qd5 O-O 29. Bxc5 Bc8 30. Qe5 Rxd1 31. Rxd1 Nxc5 32. Qxc5 Qxf6 33. Rd6 Qf7 34.
Rc6 e3 35. Qxe3 Bb7 36. Re6 Qf5 37. a6 Bd5 38. Rd6 Qb1+ 39. Nf1 Bc4 40. Kh2
Bxf1 41. Qe6+ Rf7 42. Rd8+ Kg7 43. Qe5+ Kh6 44. Rh8+ Rh7 45. Qf6 1-0

[Event "2nd Indonesia Open Chess Ch. 2012"]
[Site "Grand SahidJaya Hotel, Jakarta"]
[Date "2012.10.12"]
[Round "3.11"]
[White "Shyam, Sundar M"]
[Black "Iordachescu, Viorel"]
[Result "0-1"]
[WhiteElo "2494"]
[BlackElo "2637"]
[PlyCount "46"]
[EventDate "2012.10.11"]

1. e4 e5 2. Nf3 Nc6 3. Nc3 Nf6 4. d4 Bb4 5. Nxe5 O-O 6. Qd3 Qe7 7. Nxc6 bxc6 8.
f3 d5 9. e5 Nh5 10. Qe3 f6 11. a3 Bxc3+ 12. bxc3 fxe5 13. Bd3 Qh4+ 14. Qf2
Qxf2+ 15. Kxf2 e4 16. Be2 Bg4 17. Rb1 exf3 18. gxf3 Rae8 19. Re1 Nf6 20. Bd3
Ne4+ 21. Kg1 Bxf3 22. Bb2 Re6 23. Bxe4 Bxe4 0-1

[Event "2nd Indonesia Open Chess Ch. 2012"]
[Site "Grand SahidJaya Hotel, Jakarta"]
[Date "2012.10.12"]
[Round "3.12"]
[White "Torre, Eugenio"]
[Black "Nguyen, Ngoc Truong Son"]
[Result "0-1"]
[WhiteElo "2500"]
[BlackElo "2635"]
[PlyCount "76"]
[EventDate "2012.10.11"]

1. d4 d5 2. Nf3 Nf6 3. Bf4 c5 4. e3 Nc6 5. Nbd2 g6 6. dxc5 Bg7 7. c3 O-O 8. Bb5
Nh5 9. Bg5 Bd7 10. O-O h6 11. Bh4 g5 12. Ne1 gxh4 13. Qxh5 e5 14. e4 Be6 15.
Nef3 h3 16. gxh3 f5 17. exd5 Bf7 18. Qh4 Qxd5 19. Bc4 Qxc5 20. Bxf7+ Rxf7 21.
Qc4 Qe7 22. Kh1 e4 23. Nd4 Nxd4 24. cxd4 Rd8 25. Rg1 Kh7 26. Nb3 Qd7 27. Rg2
Qd5 28. Qe2 f4 29. Qg4 e3 30. fxe3 fxe3 31. Re1 Kh8 32. Kg1 Re8 33. Rg3 a5 34.
Qg6 e2 35. a4 Bxd4+ 36. Nxd4 Qxd4+ 37. Kh1 Rf1+ 38. Rg1 Qd5+ 0-1

[Event "2nd Indonesia Open Chess Ch. 2012"]
[Site "Grand SahidJaya Hotel, Jakarta"]
[Date "2012.10.12"]
[Round "3.13"]
[White "Hoang, Thanh Trang"]
[Black "Ehlvest, Jaan"]
[Result "1-0"]
[WhiteElo "2470"]
[BlackElo "2607"]
[PlyCount "59"]
[EventDate "2012.10.11"]

1. d4 d6 2. e4 g6 3. Nc3 Bg7 4. Be3 c6 5. Qd2 b5 6. Nf3 Nf6 7. Bd3 Bg4 8. a4 b4
9. Ne2 Qa5 10. Nc1 Bxf3 11. gxf3 Nbd7 12. Nb3 Qb6 13. a5 Qb7 14. h4 Rc8 15. Qe2
Qc7 16. Ba6 Rb8 17. O-O-O Nh5 18. Rhg1 d5 19. Kb1 e6 20. Qd2 O-O 21. Be2 f5 22.
Bh6 Rf7 23. Bxg7 Rxg7 24. e5 c5 25. dxc5 Qxe5 26. Nd4 Nxc5 27. Nc6 Qd6 28. Nxb8
Qxb8 29. Qe3 Qc7 30. Rxd5 1-0